Tvorba databázového systému malej firmy využitím MS Access bakalárska práca

Gespeichert in:
Bibliographische Detailangaben
1. Verfasser: Kardošová, Gabriela
Körperschaft: Fakulta hospodárskej informatiky EU. Katedra aplikovanej informatiky
Weitere Verfasser: Medveďová, Eva
Format: Buch
Sprache:Slowakisch
Veröffentlicht: Bratislava 2011
Tags: Tag hinzufügen
Keine Tags, Fügen Sie das erste Tag hinzu!

MARC

LEADER 00000nbm a2200000 4500
001 0141075
005 20161109111732.7
041 0 |a slo 
044 |a SK 
245 1 0 |a Tvorba databázového systému malej firmy využitím MS Access  |b bakalárska práca  |c Gabriela Kardošová ; školiteľ: Eva Medveďová 
264 1 |a Bratislava  |c 2011 
300 |a 57 s. 
100 1 |a Kardošová, Gabriela 
700 1 |a Medveďová, Eva 
710 2 |a Fakulta hospodárskej informatiky EU. Katedra aplikovanej informatiky